000 00583nam a2200229Ia 4500
003 OSt
005 20220924142249.0
006 a|||||r|||| 00| 0
007 ta
008 220923b |||||||| |||| 00| 0 ben d
024 _a301141
037 _cTextual
040 _aARTS
_cARTS
_bben
041 _2ben
_aben
082 _aV446251:11:M5, 157G5
100 _aBandopadhyay P.K.
_9213104
245 0 _aKalikatar katha
260 _c1935
650 _aHISTORY
942 _hV446251:11:M5, 157G5
_cTEXL
_2CC
999 _c450004
_d450004